000 00453nam a2200181Ia 4500
001 16998
005 20260306170352.0
008 260306t2012||||xx |||||||||||||| ||und||
041 _aESP
082 _a657.42
_bD49
100 _aRío González, Cristóbal del
_eAUT
245 0 _aManual de costos, presupuestos y adquisiciones y abastecimientos
260 _c2012
300 _a
_c
650 _aGEN
654 _aCCO
942 _cLIB
_dJUS
_fJUS
_2ddc
_n
999 _c16998
_d16998